LEADER 01147nam0-22003491i-450- 001 990007968530403321 005 20070403085420.0 010 $a88-7890-554-2 035 $a000796853 035 $aFED01000796853 035 $a(Aleph)000796853FED01 035 $a000796853 100 $a20041207d--------km-y0itay50------ba 101 0 $aita 102 $aIT 105 $aa---a---001yy 200 1 $aProgetto sismico di strutture nuove in cemento armato ai sensi dell'ordinanza n.3274 del 20/05//2003 e successiva integrazione n.3316$fRoberto Marnetto, Luigi Massa, Marco Vailati 210 $aRoma$cKappa$dc2004 215 $a151 p.$cill.$d24 cm 610 0 $aCemento armato$aSicurezza 700 1$aMarnetto,$bRoberto$0496506 701 1$aMassa,$bLuigi$0496507 701 1$aVailati,$bMarco$0496508 801 0$aIT$bUNINA$gRICA$2UNIMARC 901 $aBK 912 $a990007968530403321 952 $aTECN B 1612$b14195$fFARBC 952 $a08 AC 108$b1519$fDINED 959 $aFARBC 959 $aDINED 996 $aProgetto sismico di strutture nuove in cemento armato ai sensi dell'ordinanza n.3274 del 20$9747529 997 $aUNINA LEADER 01010nam0-2200301---450- 001 990008810360403321 005 20090715110924.0 010 $a978-88-13-28096-3 035 $a000881036 035 $aFED01000881036 035 $a(Aleph)000881036FED01 035 $a000881036 100 $a20090220d2008----km-y0itay50------ba 101 0 $aita 102 $aIT 105 $ay-------001yy 200 1 $aLimiti funzionali all'autonomia negoziale della pubblica amministrazione nell'appalto di opere pubbliche$fStefano Vinti 210 $aPadova$cCedam$dc2008 215 $aX, 603 p. 225 1 $aUniversità degli Studi di Roma "La Sapienza"$hDipartimento di Diritto dell'Economia$v16 700 1$aVinti,$bStefano$0313148 801 0$aIT$bUNINA$gRICA$2UNIMARC 901 $aBK 912 $a990008810360403321 952 $aVI B 1110$b7952$fDDA 959 $aDDA 996 $aLimiti funzionali all'autonomia negoziale della pubblica amministrazione nell'appalto di opere pubbliche$9807877 997 $aUNINA LEADER 03736nam 2200697 a 450 001 9910831062103321 005 20230331005413.0 010 $a1-282-34769-1 010 $a9786612347696 010 $a0-470-51404-3 010 $a0-470-51405-1 035 $a(CKB)1000000000377082 035 $a(EBL)470476 035 $a(SSID)ssj0000291388 035 $a(PQKBManifestationID)11235032 035 $a(PQKBTitleCode)TC0000291388 035 $a(PQKBWorkID)10248937 035 $a(PQKB)10355783 035 $a(MiAaPQ)EBC470476 035 $a(OCoLC)181172922 035 $a(EXLCZ)991000000000377082 100 $a19901109d1991 uy 0 101 0 $aeng 135 $aur|n|---||||| 181 $ctxt 182 $cc 183 $acr 200 04$aThe childhood environment and adult disease$b[electronic resource] 210 $aChichester ;$aNew York $cWiley$d1991 215 $a1 online resource (254 p.) 225 1 $aCiba Foundation symposium ;$v156 300 $aBased on the Symposium on the Childhood Environment and Adult Disease, held at the Ciba Foundation, London, 16-17 May 1990. 300 $aEditors: Gregory R. Bock (organizer) and Julie Whelan. 300 $a"A Wiley-Interscience publication." 311 $a0-471-92957-3 320 $aIncludes bibliographical references and indexes. 327 $aTHE CHILDHOOD ENVIRONMENT AND ADULT DISEASE; Contents; Introduction; The intrauterine environment and adult cardiovascular disease; Fetal response to intrauterine stress; Programming by early nutrition in man; Programming of cholesterol metabolismbreast or formula feeding; Interactions between early nutrition and the immune system; Childhood infection and adult disease; Critical periods in brain development; Sensitive and vulnerable periods in the development of the visual system; Fetal brain development and later schizophrenia; Early stress and adult emotional reactivity in rhesus monkeys 327 $aChildhood experiences and adult psychosocial functioningProlegomena to a model of continuity and change in behavioural development; General discussion; Index of contributors; Subject index 330 $aModern technology has made possible epidemiological studies that relate aspects of neonatal health to disease in adult life. This symposium is the first to draw together information from this new research area. Explores links between early growth and the risk of high blood pressure, stroke and coronary heart disease in adult life; poor growth of babies and inadequate growth and nutrition of mothers; and levels of blood cholesterol and clotting factors. Other chapters consider the connections between early nutrition and adult immunocompetence and risk of allergic diseases; critical periods in t 410 0$aCiba Foundation symposium ;$v156. 606 $aEnvironmentally induced diseases in children$xComplications$vCongresses 606 $aDiseases$xCauses and theories of causation$vCongresses 606 $aMental illness$xEtiology$vCongresses 606 $aChild development$vCongresses 615 0$aEnvironmentally induced diseases in children$xComplications 615 0$aDiseases$xCauses and theories of causation 615 0$aMental illness$xEtiology 615 0$aChild development 676 $a616.071 676 $a618.92 676 $a618.9298 701 $aBock$b Gregory$0322650 701 $aWhelan$b Julie$0322651 712 12$aSymposium on the Childhood Environment and Adult Disease$f(1990 :$eCiba Foundation) 801 0$bMiAaPQ 801 1$bMiAaPQ 801 2$bMiAaPQ 906 $aBOOK 912 $a9910831062103321 996 $aThe childhood environment and adult disease$93928255 997 $aUNINA